Exports of the World - Statistics

General Stats
  • This quiz has been taken 9 times
  • The average score is 2 of 19
Answer Stats
Hint Answer % Correct
Tea (2) Kenya, Sri Lanka
38%
Drugs (2) Denmark, Italy
25%
Airplanes (1) France
25%
Sunflower seeds (1) Ukraine
25%
Suits (1) Bangladesh
13%
Sheep and goats (2) Djibouti, Somalia
13%
Water (1) Fiji
13%
Blood (1) Ireland
13%
Diamonds (1) Israel
13%
Fertilizer (1) Jordan
13%
Grapes (1) Afghanistan
0%
Footwear (1) Albania
0%
Cruise ships (3) Antigua and Barbuda, Bahamas, Marshall Islands
0%
Cloves (2) Comoros, Mozambique
0%
Medical instruments (2) Costa Rica, Dominica
0%
Wires (3) Moldova, Serbia, Tunisia
0%
Yarn (1) Nepal
0%
Watches (1) North Korea
0%
Olive oil (1) Syria
0%
No matching quizzes found
Score Distribution
Percent of People with Each Score
Percentile by Number Answered
Your Score History
You have not taken this quiz